[Event "Koszalin"]
[Site "?"]
[Date "1999.??.??"]
[Round "?"]
[White "Ftacnik, L."]
[Black "Kveinys, A."]
[Result "1-0"]
[WhiteElo "2585"]
[BlackElo "2515"]
[PlyCount "37"]
[EventDate "1999.??.??"]
[Source "Chess Informant"]
[SourceDate "2000.10.01"]

1. c4 Nf6 2. Nc3 e6 3. e4 d5 4. e5 d4 5. exf6 dxc3 6. bxc3 Qxf6 7. Nf3 e5 8. Bd3 Bd6 9. O-O Na6 10. Bc2 Bg4 11. d4 O-O-O 12. Bg5 Bxf3 13. Bxf6 Bxd1 14. Bf5+ Rd7 15. Bxg7 Rg8 16. Raxd1 exd4 17. Bxd4 Rg5 18. Bxd7+ Kxd7 19. c5 1-0

[Event "Cheboksary RUS"]
[Site "?"]
[Date "2006.03.08"]
[Round "7"]
[White "Tomashevsky Evgeny"]
[Black "Iljin Artem"]
[Result "1-0"]
[WhiteElo "2586"]
[BlackElo "2510"]
[PlyCount "61"]
[EventDate "2006.??.??"]
[Source "www.chesslib.no"]
[SourceDate "2004.05.04"]

1. c4 Nf6 2. Nc3 e6 3. e4 d5 4. e5 d4 5. exf6 dxc3 6. bxc3 Qxf6 7. d4 c5 8. Nf3 h6 9. Bd3 cxd4 10. cxd4 Bb4+ 11. Bd2 Bxd2+ 12. Qxd2 Nc6 13. Qe3 O-O 14. O-O Bd7 15. Rfe1 Rfd8 16. Be4 Be8 17. Rad1 Rd6 18. d5 exd5 19. cxd5 Ne7 20. Ne5 Bb5 21. Qc5 Rb6 22. d6 Ng6 23. Bxg6 fxg6 24. d7 Rd8 25. a4 Ba6 26. Nxg6 Kh7 27. Ne5 Re6 28. Qd5 Re7 29. h3 b6 30. Qe4+ Kg8 31. Ng4 1-0

[Event "Moscow ol (Men)"]
[Site "Moscow"]
[Date "1994.??.??"]
[Round "4"]
[White "Gulko, Boris F"]
[Black "Gausel, Einar"]
[Result "1/2-1/2"]
[WhiteElo "2590"]
[BlackElo "2505"]
[PlyCount "63"]
[EventDate "1994.11.??"]
[Source "ChessBase"]

1. c4 Nf6 2. Nc3 e6 3. e4 d5 4. e5 Ne4 5. Nf3 Nxc3 6. dxc3 Be7 7. Qc2 c5 8. Bf4 Qa5 9. Bd3 h6 10. O-O Nc6 11. Rfe1 dxc4 12. Be4 Bd7 13. Nd2 g5 14. Bg3 Qa6 15. b3 Na5 16. Rab1 Rc8 17. b4 cxb4 18. cxb4 c3 19. bxa5 cxd2 20. Qxd2 b5 21. Red1 Rd8 22. Rbc1 Bc8 23. Qc3 Rxd1+ 24. Rxd1 O-O 25. Qc7 Bb4 26. Bb1 Kg7 27. f4 Qxa5 28. Qc2 Rh8 29. fxg5 hxg5 30. Bf2 Be7 31. Be3 Qa4 32. Qxa4 1/2-1/2

[Event "Bar op"]
[Site "?"]
[Date "2003.??.??"]
[Round "9"]
[White "Damljanovic Branko"]
[Black "Savic Miodrag R"]
[Result "1-0"]
[WhiteElo "2587"]
[BlackElo "2506"]
[PlyCount "111"]
[EventDate "2003.??.??"]
[Source "www.chesslib.no"]
[SourceDate "2004.05.04"]

1. c4 Nf6 2. Nc3 e6 3. e4 d5 4. e5 Nfd7 5. cxd5 Nxe5 6. d4 Ng6 7. Bb5+ c6 8. dxc6 bxc6 9. Ba4 Be7 10. Nf3 Ba6 11. Qc2 O-O 12. h4 Bxh4 13. Be3 Bf6 14. O-O-O Nd7 15. Rh5 Be7 16. Bxc6 Nf6 17. Bxa8 Nxh5 18. Bc6 Nf6 19. Qa4 Qc8 20. Kb1 Rd8 21. Rc1 Bb7 22. d5 a6 23. Bxb7 Qxb7 24. dxe6 fxe6 25. Qc4 Nf8 26. Na4 Nd5 27. Bd4 Qb5 28. Be5 Nb4 29. Qxb5 axb5 30. Nc3 Nd3 31. Rd1 b4 32. Bc7 Nxb2 33. Rxd8 Bxd8 34. Bxd8 bxc3 35. Kc2 Nd7 36. Ba5 Na4 37. Bxc3 Kf8 38. Bd4 g6 39. Ne5 Nxe5 40. Bxe5 Nb6 41. Kb3 Ke7 42. Kb4 Nd7 43. Bg3 Nb6 44. a4 Kd7 45. a5 Nd5+ 46. Kc5 g5 47. a6 Kc8 48. Bd6 Nc7 49. a7 Na8 50. Kc6 h5 51. f3 g4 52. fxg4 hxg4 53. Be5 g3 54. Bxg3 e5 55. Bxe5 Nc7 56. g4 1-0

[Event "ARG-ch"]
[Site "Buenos Aires"]
[Date "1998.04.22"]
[Round "7"]
[White "Sorokin, Maxim"]
[Black "Zarnicki, Pablo"]
[Result "0-1"]
[WhiteElo "2575"]
[BlackElo "2515"]
[PlyCount "78"]
[EventDate "1998.04.15"]
[Source "ChessBase"]
[SourceDate "1998.08.06"]

1. c4 Nf6 2. Nc3 e6 3. e4 d5 4. e5 Ne4 5. Nxe4 dxe4 6. Qg4 Nc6 7. Qxe4 Qd4 8. Qxd4 Nxd4 9. Rb1 b6 10. Nf3 Bc5 11. d3 Bb7 12. Nxd4 Bxd4 13. Bf4 a5 14. a4 O-O-O 15. f3 h5 16. h4 f6 17. exf6 gxf6 18. Kd2 e5 19. Be3 Rhg8 20. Bxd4 Rxd4 21. Ke3 f5 22. Re1 Kd7 23. Kf2 Kd6 24. g3 e4 25. dxe4 fxe4 26. fxe4 Rf8+ 27. Kg1 Bxe4 28. Rh2 Rf3 29. Rhe2 Rxg3+ 30. Kf2 Rf3+ 31. Kg1 Rf4 32. Rh2 Bc6 33. Rhe2 Rg4+ 34. Kf2 Rdf4+ 35. Ke3 Rxh4 36. b3 Kc5 37. Kd2 Rh1 38. Re5+ Kd4 39. Bd3 Rxe1 0-1

[Event "Montpellier 73/19"]
[Site "?"]
[Date "1998.??.??"]
[Round "?"]
[White "Kosten, Anthony C"]
[Black "Dizdar, Goran"]
[Result "1/2-1/2"]
[WhiteElo "2515"]
[BlackElo "2570"]
[PlyCount "67"]
[EventDate "1998.??.??"]
[Source "ChessBase"]
[SourceDate "1998.06.01"]

1. c4 e6 2. Nc3 Nf6 3. e4 d5 4. e5 d4 5. exf6 dxc3 6. bxc3 Qxf6 7. Nf3 e5 8. Bd3 Na6 9. O-O Bd6 10. Re1 O-O 11. Nxe5 Bxe5 12. Qh5 Bxh2+ 13. Qxh2 Bf5 14. Bf1 Rfe8 15. Ba3 Qg5 16. Re3 Rxe3 17. fxe3 Be4 18. Qf4 Qg6 19. Rd1 Rd8 20. Qe5 h5 21. Be7 Rd7 22. Bh4 Kh7 23. d4 f6 24. Qg3 Qe8 25. Qh3 g5 26. Be1 Kg6 27. Rd2 h4 28. c5 f5 29. g4 fxg4 30. Qxg4 Bf5 31. Qf3 Be4 32. Qg4 Bf5 33. Qf3 Be4 34. Qg4 1/2-1/2

[Event "Petrosian Memorial"]
[Site "Erevan ARM"]
[Date "1994.??.??"]
[Round "?"]
[White "Vaganian, Rafael A"]
[Black "Petrosian, Arshak B"]
[Result "1-0"]
[WhiteElo "2625"]
[BlackElo "2455"]
[PlyCount "79"]
[EventDate "1994.??.??"]
[Source "www.chesslib.no"]
[SourceDate "2004.05.04"]

1. c4 e6 2. Nc3 Nf6 3. e4 d5 4. e5 d4 5. exf6 dxc3 6. bxc3 Qxf6 7. Nf3 e5 8. Bd3 Bd6 9. O-O O-O 10. Be4 Nd7 11. d4 exd4 12. cxd4 Bf4 13. Ba3 Rd8 14. Re1 c5 15. Qc2 Qh6 16. Rad1 Nf6 17. Bxc5 Bg4 18. g3 Nxe4 19. Qxe4 Bh5 20. Qxf4 Bxf3 21. Rd3 Be2 22. Rc3 b6 23. Bd6 Rac8 24. d5 b5 25. Re3 Bxc4 26. Bc7 Rf8 27. d6 Be6 28. Re5 Qg6 29. Rxb5 Qd3 30. Ra5 a6 31. Qe3 Qc4 32. Rc1 Qg4 33. Qf4 Qe2 34. Qd4 Bd7 35. h4 Rfe8 36. Rg5 g6 37. h5 h6 38. Rgc5 g5 39. Qe4 Qxa2 40. Qf3 1-0

[Event "Open"]
[Site "?"]
[Date "1996.??.??"]
[Round "4"]
[White "Illescas Cordoba Miguel"]
[Black "Pogorelov Ruslan"]
[Result "0-1"]
[WhiteElo "2635"]
[BlackElo "2440"]
[PlyCount "88"]
[EventDate "1996.??.??"]
[Source "www.chesslib.no"]
[SourceDate "2004.05.04"]

1. c4 Nf6 2. Nc3 e6 3. e4 d5 4. e5 d4 5. exf6 dxc3 6. bxc3 Qxf6 7. Nf3 e5 8. d4 exd4 9. Bg5 Qe6+ 10. Be2 Be7 11. cxd4 Bxg5 12. Nxg5 Qe7 13. Qd2 h6 14. Nf3 O-O 15. O-O c5 16. d5 Qd6 17. Qb2 Nd7 18. Bd3 Qf6 19. Qe2 Rd8 20. Rae1 Nf8 21. Ne5 Bf5 22. Qf3 Bxd3 23. Qxf6 gxf6 24. Nxd3 b5 25. Rc1 Rac8 26. Nf4 b4 27. Rfe1 Re8 28. Nh5 Nd7 29. f4 Kf8 30. Kf2 a5 31. g4 Rxe1 32. Rxe1 a4 33. Ng3 Re8 34. Rc1 Nb6 35. Rg1 Rb8 36. Rf1 Rb7 37. a3 Re7 38. Nh5 Nc8 39. Kg1 b3 40. Ra1 Kg8 41. f5 Rd7 42. Rb1 Nd6 43. h3 Nb5 44. Re1 Rc7 0-1

[Event "Zaragoza op"]
[Site "Zaragoza"]
[Date "1996.??.??"]
[Round "4"]
[White "Illescas Cordoba, Miguel"]
[Black "Pogorelov, Ruslan"]
[Result "0-1"]
[WhiteElo "2635"]
[BlackElo "2440"]
[PlyCount "88"]
[EventDate "1996.04.??"]
[Source "www.chesslib.no"]
[SourceDate "2004.05.04"]

1. c4 Nf6 2. Nc3 e6 3. e4 d5 4. e5 d4 5. exf6 dxc3 6. bxc3 Qxf6 7. Nf3 e5 8. d4 exd4 9. Bg5 Qe6+ 10. Be2 Be7 11. cxd4 Bxg5 12. Nxg5 Qe7 13. Qd2 h6 14. Nf3 O-O 15. O-O c5 16. d5 Qd6 17. Qb2 Nd7 18. Bd3 Qf6 19. Qe2 Rd8 20. Rae1 Nf8 21. Ne5 Bf5 22. Qf3 Bxd3 23. Qxf6 gxf6 24. Nxd3 b5 25. Rc1 Rac8 26. Nf4 b4 27. Rfe1 Re8 28. Nh5 Nd7 29. f4 Kf8 30. Kf2 a5 31. g4 Rxe1 32. Rxe1 a4 33. Ng3 Re8 34. Rc1 Nb6 35. h4 Ra8 36. Ke2 b3 37. a3 Nxc4 38. Ne4 Re8 39. Kd3 b2 40. Rg1 Rxe4 41. Kxe4 Nxa3 42. d6 b1=Q+ 43. Rxb1 Nxb1 44. Kd5 Ke8 0-1

[Event "Mind Sports Games - Rapid Pair"]
[Site "Pechino CINA"]
[Date "2008.10.10"]
[Round "7"]
[White "Reinderman, D."]
[Black "Paragua, M."]
[Result "0-1"]
[WhiteElo "2543"]
[BlackElo "2526"]
[PlyCount "92"]
[EventDate "2008.10.09"]
[Source "www.chesslib.no"]
[SourceDate "2004.05.04"]

1. c4 e6 2. Nc3 Nf6 3. e4 d5 4. e5 d4 5. exf6 dxc3 6. bxc3 Qxf6 7. Nf3 c5 8. d4 cxd4 9. cxd4 Bb4+ 10. Bd2 Bxd2+ 11. Qxd2 b6 12. Be2 Bb7 13. O-O O-O 14. Rfd1 Rd8 15. Qe3 Nc6 16. Rd2 Rac8 17. Rad1 h6 18. h3 Na5 19. Ne5 Qg5 20. Qxg5 hxg5 21. c5 bxc5 22. dxc5 Bd5 23. Rc2 f6 24. Ng4 Nc6 25. Ne3 Be4 26. Rcd2 Rxd2 27. Rxd2 Ne5 28. Rd4 f5 29. f3 Bb1 30. Ra4 Rxc5 31. Rxa7 Rc1+ 32. Kf2 f4 33. Nf1 Rc2 34. Ke1 Bxa2 35. Ra4 Bc4 36. Nd2 Bxe2 37. Kxe2 Ng6 38. Rd4 Nh4 39. Kf2 Nf5 40. Rd7 Ng3 41. Rd4 Kf7 42. Rd3 e5 43. Rd5 e4 44. fxe4 Nxe4+ 45. Ke2 Nc3+ 46. Kd3 Rxd2+ 0-1

[Event "Russia (ch)"]
[Site "?"]
[Date "2000.??.??"]
[Round "?"]
[White "Poluljahov, A."]
[Black "Ivanov, Se"]
[Result "1-0"]
[WhiteElo "2525"]
[BlackElo "2540"]
[PlyCount "143"]
[EventDate "2000.??.??"]
[Source "Chess Informant"]
[SourceDate "2000.06.01"]

1. c4 Nf6 2. Nc3 e6 3. e4 d5 4. e5 d4 5. exf6 dxc3 6. bxc3 Qxf6 7. Nf3 e5 8. Bd3 Na6 9. O-O Bd6 10. Bc2 Bg4 11. d4 Bxf3 12. Qxf3 Qxf3 13. gxf3 exd4 14. Re1+ Kd8 15. Be4 Rb8 16. cxd4 c5 17. Bb2 Kc7 18. d5 Rhe8 19. Rad1 g6 20. Re3 Rbc8 21. Bc2 Nb8 22. Rde1 Rxe3 23. fxe3 Nd7 24. f4 f5 25. Kg2 Re8 26. Kf3 a6 27. Bd3 Be7 28. Bc3 Bf6 29. Bd2 Kd6 30. a4 b6 31. Rb1 Rb8 32. h4 Bxh4 33. Rh1 Bf6 34. Rxh7 Rh8 35. Rxh8 Bxh8 36. e4 fxe4+ 37. Bxe4 g5 38. Bf5 gxf4 39. Bxf4+ Ne5+ 40. Ke4 a5 41. Bd7 Bg7 42. Bb5 Bf6 43. Kf5 Bg7 44. Bh2 Bh8 45. Bg3 Bg7 46. Bh4 Nf3 47. Bd8 Nd4+ 48. Ke4 Nxb5 49. cxb5 c4 50. Bxb6 c3 51. Be3 c2 52. b6 Kd7 53. Bf4 Kc8 54. Kd3 Kb7 55. Be3 c1=Q 56. Bxc1 Kxb6 57. Kc4 Be5 58. Be3+ Ka6 59. Kc5 Bg3 60. Bg5 Be5 61. Kc6 Bg3 62. Bd8 Bf4 63. Bc7 Bg5 64. d6 Bf4 65. d7 Bg5 66. Bb6 Bh4 67. Kc7 Bg3+ 68. Kc8 Bh4 69. Bd8 Bf2 70. Bf6 Bb6 71. Bg5 Ka7 72. Bf4 1-0

[Event "Kostic mem"]
[Site "?"]
[Date "1977.??.??"]
[Round "14"]
[White "Torre Eugenio"]
[Black "Makarichev Sergey"]
[Result "1/2-1/2"]
[WhiteElo "2550"]
[BlackElo "2515"]
[PlyCount "30"]
[EventDate "1977.??.??"]
[Source "www.chesslib.no"]
[SourceDate "2004.05.04"]

1. c4 e6 2. Nc3 Nf6 3. e4 d5 4. e5 d4 5. exf6 dxc3 6. bxc3 Qxf6 7. d4 c5 8. Nf3 cxd4 9. cxd4 Bb4+ 10. Bd2 Bxd2+ 11. Qxd2 O-O 12. Bd3 Nc6 13. O-O Rd8 14. Rad1 g6 15. Be4 Nxd4 1/2-1/2

[Event "Bosna i Hercegovina 82/13"]
[Site "?"]
[Date "2001.??.??"]
[Round "?"]
[White "Vaulin, A."]
[Black "Zontakh, A."]
[Result "1/2-1/2"]
[WhiteElo "2545"]
[BlackElo "2518"]
[PlyCount "46"]
[EventDate "2001.??.??"]
[Source "Chess Informant"]
[SourceDate "2001.06.01"]

1. c4 Nf6 2. Nc3 e6 3. e4 d5 4. e5 d4 5. exf6 dxc3 6. bxc3 Qxf6 7. Nf3 e5 8. Bd3 Na6 9. O-O Bd6 10. Bc2 Bg4 11. d4 Bxf3 12. Qxf3 Qxf3 13. gxf3 O-O-O 14. c5 Bf8 15. Re1 exd4 16. Bf5+ Kb8 17. cxd4 g5 18. Rb1 Bg7 19. Be4 b6 20. cxb6 axb6 21. d5 f5 22. Bd3 Nc5 23. Bc4 Bc3 1/2-1/2

[Event "It Open"]
[Site "?"]
[Date "2005.05.02"]
[Round "3"]
[White "Cvitan Ognjen"]
[Black "Azarov Sergei"]
[Result "1/2-1/2"]
[WhiteElo "2481"]
[BlackElo "2572"]
[PlyCount "38"]
[EventDate "2005.??.??"]
[Source "www.chesslib.no"]
[SourceDate "2004.05.04"]

1. c4 Nf6 2. Nc3 e6 3. e4 d5 4. e5 d4 5. exf6 dxc3 6. bxc3 Qxf6 7. Nf3 c5 8. d4 cxd4 9. cxd4 Bb4+ 10. Bd2 Bxd2+ 11. Qxd2 Nc6 12. Rd1 O-O 13. Qe3 b6 14. Bd3 Bb7 15. O-O Rfd8 16. Be4 Rac8 17. c5 Ra8 18. cxb6 axb6 19. d5 exd5 1/2-1/2

[Event "Sweden"]
[Site "?"]
[Date "2001.??.??"]
[Round "4"]
[White "Wedberg Tom"]
[Black "Hermansson Emil"]
[Result "1-0"]
[WhiteElo "2529"]
[BlackElo "2524"]
[PlyCount "79"]
[EventDate "2001.??.??"]
[Source "www.chesslib.no"]
[SourceDate "2004.05.04"]

1. c4 Nf6 2. Nc3 e6 3. e4 d5 4. e5 Ne4 5. Nxe4 dxe4 6. Qg4 Bd7 7. Qxe4 Bc6 8. Qe2 Qd4 9. Qe3 Bc5 10. Qxd4 Bxd4 11. Ne2 Bxe5 12. d4 Bf6 13. Be3 Nd7 14. O-O-O O-O-O 15. Ng3 Nb6 16. f3 g6 17. Be2 h5 18. Ne4 Bxe4 19. fxe4 c5 20. dxc5 Na4 21. Kc2 Nxb2 22. Rd6 Be5 23. Kb3 b6 24. Rb1 Bxd6 25. cxd6 Rxd6 26. Kxb2 e5 27. Kc3 Kd7 28. c5 Rc8 29. Bc4 bxc5 30. Rb7+ Rc7 31. Rxc7+ Kxc7 32. Bxc5 Rf6 33. Bxa7 Rf4 34. Bd5 f5 35. a4 Rg4 36. a5 f4 37. Bb6+ Kd6 38. a6 Rxg2 39. a7 Ra2 40. Bxa2 1-0

[Event "1st Israel Int Op"]
[Site "Ashdod"]
[Date "2003.10.17"]
[Round "9"]
[White "Rechlis, Gad"]
[Black "Golod, Vitali"]
[Result "1-0"]
[WhiteElo "2507"]
[BlackElo "2544"]
[PlyCount "103"]
[EventDate "2003.10.04"]
[Source "Roberto Alvarez"]
[SourceDate "2003.10.20"]

1. c4 Nf6 2. Nc3 e6 3. e4 d5 4. e5 d4 5. exf6 dxc3 6. bxc3 Qxf6 7. Nf3 c5 8. Bd3 Bd7 9. Qe2 Bd6 10. Be4 Bc6 11. d4 Bxe4 12. Qxe4 Nc6 13. Rb1 Qe7 14. O-O h6 15. Qg4 O-O 16. dxc5 Bxc5 17. Bxh6 f5 18. Qg3 Bd6 19. Bf4 Bxf4 20. Qxf4 e5 21. Qg3 Rf6 22. Rfe1 Re8 23. Rb5 e4 24. Ng5 Ref8 25. Qh4 Rh6 26. Qf4 Rg6 27. h4 Rgf6 28. Rd1 Nd8 29. Re5 Qa3 30. Rdd5 Qxc3 31. Rxf5 e3 32. Rxf6 exf2+ 33. Qxf2 Qxf6 34. Qxf6 gxf6 35. Ne4 Kh7 36. Rd7+ Kg6 37. Nd6 Ne6 38. Nxb7 Rc8 39. Na5 Kf5 40. Rxa7 Nf4 41. g3 Nh5 42. Kf2 Rg8 43. Nc6 Ke4 44. Rd7 Rxg3 45. Rd4+ Kf5 46. Rd5+ Kg4 47. Rxh5 Ra3 48. Rh6 Rxa2+ 49. Ke3 f5 50. Ne5+ Kg3 51. Rg6+ Kxh4 52. Nf3+ 1-0

[Event "ISL Ch"]
[Site "Gardabaer ISL"]
[Date "1991.??.??"]
[Round "8"]
[White "Petursson, Margeir"]
[Black "Hjartarson, Johann"]
[Result "1-0"]
[WhiteElo "2515"]
[BlackElo "2535"]
[PlyCount "85"]
[EventDate "1991.??.??"]
[Source "www.chesslib.no"]
[SourceDate "2004.05.04"]

1. c4 e6 2. Nc3 Nf6 3. e4 d5 4. e5 d4 5. exf6 dxc3 6. bxc3 Qxf6 7. Nf3 c5 8. d4 cxd4 9. Bg5 Qf5 10. cxd4 Nc6 11. Be2 Bb4+ 12. Bd2 Qa5 13. Rb1 Bxd2+ 14. Qxd2 Qxd2+ 15. Kxd2 O-O 16. Rhd1 b6 17. Ke3 Ba6 18. Ne5 Rac8 19. Nxc6 Rxc6 20. Rb4 Rfc8 21. Rc1 h6 22. h4 g5 23. hxg5 hxg5 24. Ra4 Bb5 25. Rxa7 Bxc4 26. Bh5 Rf8 27. g3 Bd5 28. Rxc6 Bxc6 29. f4 gxf4+ 30. Kxf4 Kg7 31. g4 Bb5 32. g5 Bd3 33. Rb7 b5 34. Ke3 Bc4 35. a3 Kg8 36. Ra7 Bd5 37. Kf4 Kg7 38. Ke5 Bc4 39. g6 Kh6 40. Rxf7 Rxf7 41. gxf7 Kg7 42. Bg6 Bb3 43. Kd6 1-0

[Event "Philadelphia"]
[Site "?"]
[Date "1990.??.??"]
[Round "?"]
[White "Christiansen, L."]
[Black "Lein, A."]
[Result "1-0"]
[WhiteElo "2560"]
[BlackElo "2485"]
[PlyCount "55"]
[EventDate "1990.??.??"]
[Source "ChessBase"]
[SourceDate "1990.01.01"]

1. c4 Nf6 2. Nc3 e6 3. e4 d5 4. e5 d4 5. exf6 dxc3 6. bxc3 Qxf6 7. d4 e5 8. Nf3 exd4 9. Bg5 Qe6+ 10. Be2 Be7 11. cxd4 Bxg5 12. Nxg5 Qe7 13. Qd2 O-O 14. O-O Nd7 15. Rfe1 Nf6 16. Bd3 Qd6 17. c5 Qd8 18. Rab1 b6 19. Qf4 Bb7 20. Re3 h6 21. Rg3 hxg5 22. Qxg5 Ne8 23. Qh6 f5 24. c6 Bxc6 25. Qxc6 Rf6 26. Qc4+ Kh7 27. Rh3+ Kg6 28. Qg8 1-0

[Event "Cappelle la Grande"]
[Site "?"]
[Date "2004.??.??"]
[Round "?"]
[White "Nogueiras, J."]
[Black "Timoshenko, G."]
[Result "1/2-1/2"]
[WhiteElo "2480"]
[BlackElo "2560"]
[PlyCount "47"]
[EventDate "2004.??.??"]
[Source "Chess Informant"]
[SourceDate "2004.02.01"]

1. c4 Nf6 2. Nc3 e6 3. e4 d5 4. e5 d4 5. exf6 dxc3 6. bxc3 Qxf6 7. Nf3 e5 8. d4 exd4 9. Bg5 Qe6+ 10. Be2 f6 11. Nxd4 Qf7 12. Bf4 Bc5 13. Qa4+ c6 14. Nb3 Na6 15. Nxc5 Nxc5 16. Qb4 b6 17. Bd6 Ne4 18. c5 Nxd6 19. cxd6 O-O 20. O-O Be6 21. a4 Rad8 22. Qd4 c5 23. Qf4 g5 24. Qg3 1/2-1/2

[Event "Herzliya"]
[Site "Herzliya"]
[Date "1993.??.??"]
[Round "6"]
[White "Beim, Valery"]
[Black "Gofshtein, Leonid D"]
[Result "1-0"]
[WhiteElo "2500"]
[BlackElo "2540"]
[PlyCount "73"]
[EventDate "1993.11.??"]
[Source "ChessBase"]

1. c4 e6 2. Nc3 Nf6 3. e4 d5 4. e5 d4 5. exf6 dxc3 6. bxc3 Qxf6 7. d4 c5 8. Nf3 h6 9. Bd3 cxd4 10. cxd4 Bb4+ 11. Kf1 O-O 12. Bc2 Qd8 13. h4 Nc6 14. Bb2 Be7 15. Qe2 Nb4 16. Bb1 Bd7 17. g4 Qc7 18. a3 Nc6 19. g5 Qf4 20. Rg1 e5 21. d5 Bh3+ 22. Ke1 Nd4 23. Nxd4 exd4 24. Qd3 Bb4+ 25. axb4 Rfe8+ 26. Kd1 Bg4+ 27. Rxg4 Qxg4+ 28. Kc2 Re2+ 29. Kb3 Rxf2 30. Qh7+ Kf8 31. Bd3 Rxb2+ 32. Kxb2 Qg2+ 33. Bc2 Qd2 34. Ra3 Re8 35. d6 Qxb4+ 36. Rb3 Qxd6 37. Rxb7 1-0

[Event "Moscow ol (Men)"]
[Site "Moscow"]
[Date "1994.??.??"]
[Round "13"]
[White "Stohl, Igor"]
[Black "Zarnicki, Pablo"]
[Result "1/2-1/2"]
[WhiteElo "2560"]
[BlackElo "2475"]
[PlyCount "30"]
[EventDate "1994.11.??"]
[Source "ChessBase"]

1. c4 Nf6 2. Nc3 e6 3. e4 d5 4. e5 d4 5. exf6 dxc3 6. bxc3 Qxf6 7. d4 e5 8. Nf3 exd4 9. Bg5 Qe6+ 10. Be2 Be7 11. cxd4 Bxg5 12. Nxg5 Qf6 13. Qd2 O-O 14. O-O Bf5 15. Rad1 Re8 1/2-1/2

[Event "BCF-chT 9900 (4NCL)"]
[Site "England"]
[Date "2000.03.25"]
[Round "7"]
[White "Davies, Nigel R"]
[Black "Parker, Jonathan"]
[Result "1/2-1/2"]
[WhiteElo "2497"]
[BlackElo "2532"]
[PlyCount "49"]
[EventDate "1999.10.09"]
[Source "ChessBase"]
[SourceDate "2000.05.11"]

1. c4 e6 2. Nc3 Nf6 3. e4 d5 4. e5 d4 5. exf6 dxc3 6. bxc3 Qxf6 7. Nf3 e5 8. Rb1 e4 9. Qe2 Qe7 10. Nd4 h5 11. d3 exd3 12. Qxe7+ Bxe7 13. Bxd3 O-O 14. O-O Rd8 15. Bf5 Nd7 16. Re1 Bd6 17. Bg5 f6 18. Bh4 Ne5 19. Bxc8 Rdxc8 20. Rxb7 Rcb8 21. Rb3 Nxc4 22. Bg3 Nd2 23. Rxb8+ Rxb8 24. Bxd6 cxd6 25. Nb3 1/2-1/2

[Event "Wch-16 sf2"]
[Site "?"]
[Date "1992.??.??"]
[Round "?"]
[White "Stull, Norbert (LUX)"]
[Black "Glaser, Helmut F"]
[Result "1/2-1/2"]
[WhiteElo "2585"]
[BlackElo "2440"]
[PlyCount "56"]
[EventDate "1992.??.??"]
[Source "www.chesslib.no"]
[SourceDate "2004.05.04"]

1. c4 Nf6 2. Nc3 e6 3. e4 d5 4. e5 d4 5. exf6 dxc3 6. bxc3 Qxf6 7. d4 e5 8. Nf3 exd4 9. Bg5 Qe6+ 10. Be2 Be7 11. cxd4 Bxg5 12. Nxg5 Qe7 13. Qd2 O-O 14. O-O h6 15. Nf3 Bg4 16. Rab1 b6 17. h3 Bf5 18. Rbe1 Qd6 19. Ne5 Nd7 20. Bf3 Rae8 21. Nc6 a6 22. Re2 Nb8 23. Ne5 Nd7 24. Nc6 Nb8 25. Ne5 Nd7 26. Rfe1 Nxe5 27. Rxe5 Rxe5 28. Rxe5 Be6 1/2-1/2

[Event "Herzliya"]
[Site "Herzliya"]
[Date "1998.09.09"]
[Round "4"]
[White "Schlosser, Philipp"]
[Black "Wells, Peter K"]
[Result "1/2-1/2"]
[WhiteElo "2505"]
[BlackElo "2515"]
[PlyCount "35"]
[EventDate "1998.09.??"]
[Source "www.chesslib.no"]
[SourceDate "2004.05.04"]

1. c4 Nf6 2. Nc3 e6 3. e4 d5 4. e5 d4 5. exf6 dxc3 6. bxc3 Qxf6 7. Nf3 e5 8. Bd3 Na6 9. O-O Bd6 10. Re1 O-O 11. Nxe5 Re8 12. Nf3 Bg4 13. Re3 Rxe3 14. fxe3 Bxh2+ 15. Kxh2 Qd6+ 16. Kg1 Qxd3 17. Qf1 Bf5 18. Qxd3 1/2-1/2

[Event "Baden"]
[Site "Vienna"]
[Date "1980.??.??"]
[Round "7"]
[White "Adorjan, Andras"]
[Black "Van der Wiel, John TH"]
[Result "1/2-1/2"]
[WhiteElo "2550"]
[BlackElo "2465"]
[PlyCount "27"]
[EventDate "1980.??.??"]
[Source "ChessBase"]

1. c4 Nf6 2. Nc3 e6 3. e4 d5 4. e5 Ne4 5. Nf3 Nc6 6. cxd5 exd5 7. Bb5 Be7 8. Qa4 Nc5 9. Bxc6+ Kf8 10. Qc2 bxc6 11. d4 Ne6 12. O-O g5 13. Be3 h5 14. Na4 1/2-1/2

[Event "12th Goodricke Open, Calcutta IND"]
[Site "?"]
[Date "2001.??.??"]
[Round "3"]
[White "Kharlov, A."]
[Black "Datu, I."]
[Result "1-0"]
[WhiteElo "2635"]
[BlackElo "2380"]
[PlyCount "91"]
[EventDate "2001.??.??"]
[Source "www.chesslib.no"]
[SourceDate "2004.05.04"]

1. c4 Nf6 2. Nc3 e6 3. e4 d5 4. e5 d4 5. exf6 dxc3 6. bxc3 Qxf6 7. Nf3 c5 8. d4 cxd4 9. Bd3 h6 10. cxd4 Bb4+ 11. Kf1 Nc6 12. Bb2 O-O 13. Qe2 Qe7 14. Rd1 Bd6 15. h4 Bd7 16. h5 f5 17. Nh4 Qf7 18. Ng6 Rfe8 19. f4 Rac8 20. Rh3 Ne7 21. Ne5 Bxe5 22. Qxe5 Kh8 23. d5 Ng8 24. d6 Nf6 25. Be2 Ne4 26. Qa5 Bc6 27. Bf3 b6 28. Qe5 Nf6 29. Be2 Ne4 30. Rd4 Bd7 31. Rxe4 Rc5 32. Ree3 Rxe5 33. Bxe5 Rg8 34. Rhg3 Kh7 35. Rg6 Be8 36. Reg3 Qd7 37. Rxg7+ Rxg7 38. Rxg7+ Qxg7 39. Bxg7 Kxg7 40. Kf2 Kf6 41. g4 e5 42. Kf3 Ke6 43. g5 hxg5 44. fxg5 f4 45. Kg4 Kxd6 46. g6 1-0

[Event "Kotov Memorial"]
[Site "Tallinn EST"]
[Date "1986.??.??"]
[Round "?"]
[White "Vaisser, Anatoli V"]
[Black "Smagin, Sergey B"]
[Result "1/2-1/2"]
[WhiteElo "2510"]
[BlackElo "2500"]
[PlyCount "87"]
[EventDate "1986.??.??"]
[Source "www.chesslib.no"]
[SourceDate "2004.05.04"]

1. c4 e6 2. Nc3 Nf6 3. e4 d5 4. e5 d4 5. exf6 dxc3 6. bxc3 Qxf6 7. d4 e5 8. Nf3 exd4 9. Bg5 Qe6+ 10. Be2 Be7 11. cxd4 Bxg5 12. Nxg5 Qe7 13. Qd2 O-O 14. O-O h6 15. Nf3 Rd8 16. Bd3 Nd7 17. Rfe1 Qf8 18. Re3 Nf6 19. h3 c5 20. d5 b5 21. Ne5 Bb7 22. Rb1 Ba6 23. cxb5 Bb7 24. Rg3 Kh8 25. Qc2 Bxd5 26. Rc1 Qd6 27. Re3 Nd7 28. Nxd7 Rxd7 29. Bf5 Re7 30. Rxe7 Qxe7 31. Qxc5 Qxc5 32. Rxc5 Bxa2 33. Rc7 Bd5 34. Bc8 Kg8 35. Ba6 Kf8 36. Rc5 Be6 37. Rc7 Ke8 38. Bb7 Kd8 39. Rc3 Rb8 40. Bc6 Rc8 41. Rd3+ Ke7 42. Rd1 Rc7 43. Bf3 Bf5 44. Rd4 1/2-1/2

[Event "5th United Insurance, Dhaka BAN"]
[Site "?"]
[Date "2001.??.??"]
[Round "6"]
[White "Miezis, N."]
[Black "Vakhidov, T."]
[Result "1-0"]
[WhiteElo "2530"]
[BlackElo "2480"]
[PlyCount "101"]
[EventDate "2001.??.??"]
[Source "www.chesslib.no"]
[SourceDate "2004.05.04"]

1. c4 Nf6 2. Nc3 e6 3. e4 d5 4. e5 d4 5. exf6 dxc3 6. bxc3 Qxf6 7. Nf3 e5 8. Qe2 Nc6 9. d4 Be7 10. Bg5 Qd6 11. d5 Bxg5 12. Nxg5 Ne7 13. Ne4 Qa3 14. Qd2 Bf5 15. Ng3 O-O 16. Be2 Rad8 17. Qe3 c6 18. O-O cxd5 19. Qxe5 Bg6 20. h4 Nc6 21. Qc7 dxc4 22. Bxc4 Qd6 23. Qxd6 Rxd6 24. Rfe1 Rfd8 25. Re3 Bd3 26. Rd1 Bxc4 27. Rxd6 Rc8 28. Nf5 Kf8 29. Rd2 Be6 30. Nd4 Nxd4 31. cxd4 Bd5 32. f3 f6 33. Kf2 Kf7 34. Ra3 a6 35. Ra5 Rd8 36. Rc5 Rd7 37. a4 b6 38. Rc8 Bb3 39. Rb8 Rd6 40. Rb7+ Kf8 41. a5 b5 42. Re2 Bd5 43. Rb8+ Kf7 44. h5 h6 45. Rc2 b4 46. Rcc8 f5 47. Rc7+ Ke6 48. g4 Rd7 49. Rb6+ Ke7 50. Rxd7+ Kxd7 51. Rxa6 1-0